000 00626nam a2200169 i 4500
001 85582
003 ES-MaACL
005 20230906175252.0
007 t|
008 041129s1945 sp ||||1| spa d
245 0 0 _aJusticia municipal y Registro Civil
_b: conforme a la Ley de Bases de 19 de julio de 1944 : textos legales comentados y anotados con índices completos /
_cpor Antonio Luna y Juan A. Vivancos.
260 _aMadrid :
_b[s.n.,
_c1945] (
_fJ. Cosano)
300 _a315, 399, 96 p. ;
_c18 cm.
700 1 _aLuna, Antonio de.
_974751
700 1 _aVivancos, Juan A.
_9115545
852 _aES-MaACL
_jB-10174
_bR.21635
999 _c85582
_d85582